Pokémon Gym Leader TMs - Statistics

General Stats
  • This quiz has been taken 61 times
  • The average score is 51 of 88
Answer Stats
Leader - Game TM # TM % Correct
Brock - Firered/Leafgreen 39 Rock Tomb
93%
Roxanne - All Gens 39 Rock Tomb
93%
Grant - X/Y 39 Rock Tomb
93%
Gordie - Sword/Shield 48 Rock Tomb
93%
Lt. Surge - Red/Blue 24 Thunderbolt
93%
Clemont - X/Y 24 Thunderbolt
93%
Giovanni - FireRed/LeafGreen 26 Earthquake
86%
Tulip - Scarlet/Violet 120 Psychic
84%
Morty - All Gens 30 Shadow Ball
84%
Ryme - Scarlet/Violet 114 Shadow Ball
84%
Wulfric - X/Y 13 Ice Beam
82%
Lt. Surge - FireRed/LeafGreen 34 Shock Wave
82%
Wattson - R/S/E 34 Shock Wave
82%
Misty - Red/Blue 11 Bubblebeam
80%
Koga - All Gens 06 Toxic
80%
Misty - FireRed/LeafGreen 3 Water Pulse
80%
Wallace - All Gens 03 Water Pulse
80%
Blaine - Red/Blue FireRed/LeafGreen 38 Fire Blast
77%
Brock - HeartGold/SoulSilver 80 Rock Slide
75%
Brawly - All Gens 08 Bulk Up
73%
Winona - R/S/E 40 Aerial Ace
70%
Clair - HeartGold/SoulSilver 59 Dragon Pulse
70%
Wattson - ORAS 72 Volt Switch
70%
Elesa - Black/White 72 Volt Switch
70%
Iono - Scarlet/Violet 048 Volt Switch
70%
Sabrina - FireRed/LeafGreen 04 Calm Mind
68%
Tate and Liza - All Gens 04 Calm Mind
68%
Olympia - X/Y 04 Calm Mind
68%
Clay - Black/White 78 Bulldoze
66%
Erika - FireRed/LeafGreen 19 Giga Drain
66%
Cilan/Cress/Chili - Black/White 83 Work Up
66%
Misty - Let's Go Pikachu/Let's Go Eevee 29 Scald
64%
Marlon - Black 2/White 2 55 Scald
64%
Brock - Red/Blue 34 Bide
61%
Crasher Wake - All Gens 55 Brine
61%
Gardenia - All Gens 86 Grass Knot
61%
Ramos - X/Y 86 Grass Knot
61%
Blaine - HeartGold/SouiSilver 50 Overheat
61%
Flannery - All Gens 50 Overheat
61%
Drayden - Black/White 82 Dragon Tail
59%
Norman - R/S/E 42 Facade
59%
Larry - Scarlet/Violet 025 Facade
59%
Viola - X/Y 83 Infestation
59%
Jasmine - All Gens 23 Iron Tail
59%
Erika - Red/Blue 21 Mega Drain
59%
Falkner - HeartGold/SoulSilver 51 Roost
59%
Winona - ORAS 19 Roost
59%
Roark - All Gens 76 Stealth Rock
59%
Whitney - All Gens 45 Attract
57%
Valerie - X/Y 99 Dazzling Gleam
57%
Byron - All Gens 91 Flash Cannon
57%
Chuck - HeartGold/SoulSilver 01 Focus Punch
57%
Pryce - HeartGold/SoulSilver 07 Hail
57%
Pryce - Gold/Silver 16 Icy Wind
57%
Melony - Sword/Shield 27 Icy Wind
57%
Sabrina - Red/Blue 46 Psywave
57%
Candice - All Gens 72 Avalanche
55%
Clair - Gold/Silver 24 DragonBreath
55%
Burgh - Black/White 76 Struggle Bug
55%
Volkner - All Gens 57 Charge Beam
52%
Fantina - All Gens 65 Shadow Claw
52%
Korrina - X/Y 98 Power-Up Punch
50%
Norman - ORAS 67 Retaliate
50%
Lenora - Black/White 67 Retaliate
50%
Bugsy - HeartGold/SoulSilver 89 U-Turn
50%
Skyla - Black/White 62 Acrobatics
48%
Bugsy - Gold/Silver 49 Fury Cutter
48%
Janine - HeartGold/SoulSilver 84 Poison Jab
48%
Brycen - Black/White 79 Frost Breath
45%
Falkner - Gold/Silver 31 Mud-Slap
45%
Maylene - All Gens 60 Drain Punch
43%
Giovanni - Red/Blue 27 Fissure
41%
Chuck - Gold/Silver 01 DynamicPunch
39%
Brock - Let's Go Pikachu/Let's Go Eevee 01 Headbutt
34%
Milo - Sword/Shield 10 Magical Leaf
34%
Brassius - Scarlet/Violet 020 Trailblaze
32%
Blue - HeartGold/SoulSilver 92 Trick Room
32%
Kofu - Scarlet/Violet 022 Chilling Water
30%
Opal - Sword/Shield 87 Draining Kiss
27%
Nessa - Sword/Shield 36 Whirlpool
27%
Grusha - Scarlet/Violet 124 Ice Spinner
25%
Sabrina - HeartGold/SoulSilver 48 Skill Swap
25%
Allister - Sword/Shield 77 Hex
20%
Kabu - Sword/Shield 38 Will-O-Wisp
20%
Raihan - Sword/Shield 99 Breaking Swipe
18%
Katy - Scarlet/Violet 021 Pounce
18%
Bea - Sword/Shield 42 Revenge
18%
Piers - Sword/Shield 85 Snarl
16%
No matching quizzes found
Score Distribution
Percent of People with Each Score
Percentile by Number Answered
Your Score History
You have not taken this quiz